• 首页
  • 本馆介绍
  • 公告通知
  • 最新文献
  • 馆藏检索
  • 电子资源
  • 读者导购
  • 参考咨询
  • 我的图书馆
  • 登录
  • 详细信息显示
  • 放入我的书架
  • 预约/预借图书
  • 作者相关作品
  • 分类相关作品
  • 丛书相关作品
  • 出版社相关作品

书目信息

  • 表格格式
  • 工作单格式
  • 卡片格式
题名:
方程论初步
    
 
作者: 余元庆 编著
分册:  
出版信息: 上海   上海教育出版社  1964
页数: 107页
开本: 19cm
丛书名:
单 册:
中图分类: O151 , O151.1
科图分类:
主题词: 代数方程 , 代数 , 数论 , 组合数学
电子资源:
ISBN:
000 00643nam0 2200265 45
001 0179002202
005 20060911090846.18
010    @dCNY0.30
091    @a7150.1530
100    @a19950726e19791964em y0chiy0121 ea
101 0  @achi
102    @aCN@b310000
105    @ay z 000yy
200 10 @a方程论初步@Afang cheng lun chu bu@f余元庆编著
210    @a上海@c上海教育出版社@d1964@h1979重印
215    @a107页@d19cm
606    @a代数方程
606 0  @a代数
606 0  @a数论
606 0  @a组合数学
690    @aO151
690    @aO151.1@v3
701  0 @a余元庆@Ayu yuan qing@4编著
801  0 @aCN@bNLC@c20060911
905    @dO151@e15
    
    方程论初步/余元庆编著.-上海:上海教育出版社,1964(1979重印)
    107页;19cm
    
    
    ISBN :CNY0.30
    
●
相关链接 在E读中查询图书 在五车中查询图书 在当当中查询图书 在豆瓣中查询图书


正题名:方程论初步     索取号:O151/15         预约/预借

序号 登录号 条形码 馆藏地/架位号 状态 备注
1 0034466   000410200   第二样本阅览室/ [索取号:O151/15] 在馆    
2 0034467   000409882   第三借阅区/ [索取号:O151/15] 在馆    
3 0468567   204685670   密集书库/ [索取号:O151/15] 在馆    
4 0468584   204685849   密集书库/ [索取号:O151/15] 在馆    
5 0471872   204718724   密集书库/ [索取号:O151/15] 在馆    
欢迎您!
大连网信软件有限公司© 版权所有